000 00399nam a22001697a 4500
999 _c7619
_d7619
003 GBCCL
005 20241126110632.0
008 180824b ||||| |||| 00| 0 eng d
040 _cgbc
082 _aVER 236
_bTAI
100 _aTaivel, H
_913374
245 _aHun leh hunbite khendikna
260 _aImphal:
_bAuthor,
_c1991
300 _a145p. ;
650 _aEschatology
_92009
942 _2ddc
_cBK